Statistiken für Bundesliga "by year", ein Fakt pro Jahr (2000–jetzt)

Klicken Sie hier um das Quiz zu spielen!

Allgemein

  • Dieses Quiz wurde 164 mal gespielt
    (76 seit der letzten Aktualisierung)
  • Das Durchschnittsergebnis liegt bei 12 aus 24

Antwortstatistiken

JahrBeschreibungWer oder was?% Korrekt
2000Dieser Trainer hat "ein absolut reines Gewissen" (Koks-Affäre)Christoph Daum
87%
2017Weiteres Element zur Unterstützung der Schiedsrichter wird eingeführtVAR/Videobeweis
84%
2013"Phantomtor" wird erzielt durch..Stefan Kießling
81%
2020Dieser Spieler wird zum jüngsten Bundesligaspieler aller ZeitenYoussoufa Moukoko
73%
2015Element zur Unterstützung der Schiedsrichter wird eingeführtTorlinientechnik
70%
2021Verein mit 30. sieglosem Bundesligaspiel in SerieFC Schalke 04
68%
2009Brasilianer düpiert gesamte Bayern-Abwehr und vollendet mit der HackeGrafite
68%
2010Niederländische Legende wechselt zum HSVRuud van Nistelrooy
68%
2023Tor-Startrekord (18 Tore in den ersten 12 Spielen)Harry Kane
67%
2006Legendäres 7:4 (Nenne einen der beiden Vereine)Schalke vs Leverkusen
60%
2019Ältester Spieler, der ein Tor in der Bundesliga geschossen hatClaudio Pizarro
59%
2003Torwart mit den meisten Minuten ohne GegentorTimo Hildebrand
51%
2014Tor aus der größten Entfernung (82m)Moritz Stoppelkamp
48%
2005Trainer mit Schauspieleinlage nach vermeintlichem KopfstoßNorbert Meier
41%
2001Torwart nimmt in der Nachspielzeit zum Leidwesen des S04 einen Rückpass aufMatthias Schober
33%
2022Meiste Paraden in einem Spiel jemals (19)Yann Sommer
33%
2004Dieser Verein spielt das erste Mal in der Geschichte BundesligaMainz 05
27%
2002Ältester Torschützenkönig aller ZeitenMartin Max
27%
2008Dieser Trainer "lacht sich den Arsch ab"Thomas Doll
27%
2007Trainer gibt legendäre 44 Sekunden PK (selbst gestellte Fragen)Klaus Augenthaler
25%
2018Spieler erzielt in seinen ersten vier Bundesligaspielen sieben Tore als JokerPaco Alcacer
25%
2012Spieler fliegt durch Torjubel vom Platz (Trikot ausziehen & auf den Zaun)Szabolcs Huszti
19%
2011Schnellster Platzverweis jemals (nach 43 Sekunden)Marcel Titsch-Rivero
8%
2016Spieler mit den meisten Ballkontakten in einem Spiel jemals (216)Julian Weigl
5%

Verteilung der Resultate

Perzentil nach korrekt beantworteten Fragen

Anzahl Personen mit jedem Resultat

Ihre Resultats-Entwicklung

Sie haben dieses Quiz seit der letzten Aktualisierung nicht gespielt